Estudio de sistematización del programa Prorural en Chile

Salvato in:
Dettagli Bibliografici
Autori principali: Aguirre A., Francisco (Autore), Molina B., Ignacio (Autore)
Natura: Libro
Lingua:spagnolo
Pubblicazione: Santiago Instituto Interamericano de Cooperación para la Agricultura 2004
Edizione:1a. ed
Soggetti:
Tags: Aggiungi Tag
Nessun Tag, puoi essere il primo ad aggiungerne!!

MARC

LEADER 00000cam a2200000 a 4500
001 UCD2207
003 CL-VaPUC
008 160414e20040300cl |||||||||||||||||spa|d
020 |a 9562120171 
082 0 4 |a 363.7  |b AGU  |2 21 
100 0 |a Aguirre A., Francisco  |e author  |9 585527 
700 0 |a Molina B., Ignacio  |e author  |9 585528 
245 1 0 |a Estudio de sistematización del programa Prorural en Chile 
250 |a 1a. ed 
300 |a 203 p 
942 |c BK 
945 |d 20160414 22:20:00  |a arojas 
260 |a Santiago  |b Instituto Interamericano de Cooperación para la Agricultura  |c 2004 
650 7 |a PROYECTOS DE DESAROLLO ECONOMICO  |2 CL-VaPUC  |9 325925 
650 0 |a Desarrollo sustentable  |9 333905 
650 7 |a DESARROLLO RURAL  |2 CL-VaPUC  |9 585529 
651 7 |a CHILE  |2 CL-VaPUC  |9 585530 
583 |a last modification  |c 20160414 22:20:00  |k Rodrigo Vera 
999 |c 363396  |d 363394 
952 |0 0  |1 0  |3 erb  |4 0  |6 363_700000000000000_AGU_2004  |7 0  |8 A  |9 475598  |a BIBAGR  |b BIBAGR  |i 5282160  |o 363.7 AGU 2004  |p 5282160  |r 2025-01-20  |w 2019-11-24  |y BK  |z Catalogado en:20160414  |k AGR